00968nam a2200205 a 450000100100000000500170001000800410002702000150006804000250008310000510010824501480015926000270030730000210033449000820035550000420043771000720047983000890055195201050064099900170074500004175920201002035734.0131016s2002 sp 000 0 spa d a8400080564 aDO-SdBNPbspacBNPHU1 aSeijas de los Ríos-Zarzosa, Guadalupe96860914aLas masoras del libro de Deuteronomio :bcódice M1 de la Universidad Complutense de Madrid /cMaría Guadalupe Seijas de los Ríos-Zarzosa. aMadrid :bCSIC,c2002. a226 p. ;c27 cm.1 aTextos y Estudios "Cardenal Cisneros" de la Biblia Políglota Matritensev61 aTexto en hebreo, español e inglés2 aConsejo Superior de Investigaciones Científicas (España)915178 0aTextos y Estudios "Cardenal Cisneros" de la Biblia Políglota Matritensev61915280 001050718MOaGRbGRcCTd2013-10-16iLF1l0o p41759-10r2020-06-25w2020-06-25y1ZNo se presta c41248d41248